Văn học trào phúng Việt Nam thời trung đại

Salvato in:
Dettagli Bibliografici
Autore principale: Trần, Thị Hoa Lê
Natura: Libro
Lingua:Undetermined
Pubblicazione: Hà Nội Đại học Quốc gia Hà Nội 2017
Soggetti:
Tags: Aggiungi Tag
Nessun Tag, puoi essere il primo ad aggiungerne! !
Thư viện lưu trữ: Trung tâm Học liệu Trường Đại học Cần Thơ
LEADER 00607nam a2200193Ia 4500
001 CTU_230965
008 210402s9999 xx 000 0 und d
020 |c 120000 
082 |a 895.9227 
082 |b L250 
100 |a Trần, Thị Hoa Lê 
245 0 |a Văn học trào phúng Việt Nam thời trung đại 
245 0 |c Trần Thị Hoa Lê 
260 |a Hà Nội 
260 |b Đại học Quốc gia Hà Nội 
260 |c 2017 
650 |a Hài hước và dí dõm,Wit and humor 
910 |a Tuyến 
980 |a Trung tâm Học liệu Trường Đại học Cần Thơ